000 00562nam a22001817a 4500
005 20260420112310.0
008 260420b |||||||| |||| 00| 0 eng d
020 _a978-3-030-24611-2
050 _aQA 76.9 .C58 S44 2020
100 _aSEHGAL, NARESH KUMAR
245 _aCLOUD COMPUTING WITH SECURITY CONCEPTS AND PRACTICES
250 _a2ND
260 _aCHAM ,SWITZERLAND
_bSPRINGER
_c2020
500 _aINCLUDES BIBLIOGRAPHICAL REFERNCES AND INDEX
650 _aCLOUD COMPUTING
700 _aBHATT, PRAMOD CHANDRA , ACKEN, JOHN M.
942 _2lcc
_cCF
999 _c217009
_d217009